Ochrana vnitřního trhu

Bibliographic Details
Main Author: Hadová, Jaroslava (Author)
Format: Article
Language:Czech
PhysicalDescription:Tab. 1
ISSN:0323-2670
Subjects:

MARC

LEADER 00000nab a2200000 a 4500
001 vtls000488887
003 SK-MaSNL
005 20260303212712.0
008 230120c1993 xo 0 cze
015 |a SNBRB19rr/mm-uuuuu 
035 |a CL0489025 
035 |a urn:nbn:sk:snk-ab2s4w 
035 |a (urnnbn)urn:nbn:sk:snk:ar-a02v1i 
035 |a (uuid)39b6ec91-dc2d-4410-9728-df6d7830c4a5 
040 |a SNKBUCL  |b slo  |c SNKBUCL  |e AACR2 
041 0 |a cze 
044 |a xo  |c SK 
080 |a 631+663/664:339.3(437.1/.2)  |2 1981 
080 |a 339.3(437.1/.2)  |2 1981 
100 1 |a Hadová, Jaroslava  |4 aut  |9 1245739 
245 1 0 |a Ochrana vnitřního trhu  |c Jaroslava Hadová 
300 |b Tab. 1 
650 0 7 |a poľnohospodárske produkty  |2 snkbucl  |9 66611 
650 0 7 |a potravinárske výrobky  |2 snkbucl  |9 66612 
650 0 7 |a vnútorný trh  |2 snkbucl  |9 51647 
650 0 7 |a Česká republika  |2 snkbucl  |9 894061 
655 7 |a články z novín a časopisov  |2 snkbucl  |9 267496 
773 0 |t Agroekonomika  |g Roč. 2, č. 7 (1993), s. 317-319  |x 0323-2670 
850 |a Slovenská národná knižnica v Martine  |a MTA001 
852 |a SNK  |b KIS3GCP 
954 |a odborná, vedecká literatúra cudzojazyčná (svetová)  |2 lita 
954 |a odborná, vedecká literatúra pôvodná (slovenská)  |2 lita 
958 |a OND 
958 |a RK 
958 |a CZ 
958 |a EUIPO 
958 |a article27 
992 |a RBX 
999 |c 2208669  |d 2210599